Stav a vývoj malého a stredného podnikania v SR

Vývoj počtu fyzických osôb v oblasti malého a stredného podnikania (MSP) v SR v rokoch 1996-1999. Vývoj počtu právnických osôb. Vývoj podielu MSP na pridanej hodnote. Vývoj počtu zamestnancov podľa veľkostnej kategórie malého a stredného podnikania. Podiel MSP - právnických osôb (PO) na zisku pred z...

Descrizione completa

Salvato in:
Dettagli Bibliografici
Autore principale: Jasič, Marián
Natura: Capitolo di libro
Lingua:slovacco
Soggetti:
Tags: Aggiungi Tag
Nessun Tag, puoi essere il primo ad aggiungerne!!

MARC

LEADER 00000naa a2200000 4500
001 r040789
005 20230825104020.6
041 0 |a slo 
044 |a SK 
245 1 0 |a Stav a vývoj malého a stredného podnikania v SR  |c Marián Jasič 
520 |a Vývoj počtu fyzických osôb v oblasti malého a stredného podnikania (MSP) v SR v rokoch 1996-1999. Vývoj počtu právnických osôb. Vývoj podielu MSP na pridanej hodnote. Vývoj počtu zamestnancov podľa veľkostnej kategórie malého a stredného podnikania. Podiel MSP - právnických osôb (PO) na zisku pred zdanením. Podiel MSP - PO na investíciách. 
610 2 0 |a podnikanie malé 
610 2 0 |a podnikanie stredné 
610 2 0 |a podnikanie súkromné 
610 2 0 |a osoby fyzické 
610 2 0 |a osoby právnické 
610 2 0 |a živnostníci 
610 2 0 |a Slovensko 
610 2 0 |a analýzy 
610 2 0 |a ukazovatele štatistické 
610 2 0 |a 1996-1999 
100 1 |a Jasič, Marián